Sports Quiz

Random Sports Quiz

Peyton Manning TD Passes Quiz Stats

 Plays Quiz not verified by Sporcle

Support Sporcle.
Go Orange.
Score 0/35 Timer 04:00
0 Plays Today
# of Touchdowns Player % Correct
112Marvin Harrison
100%
67Reggie Wayne
99.5%
44Dallas Clark
96.9%
9Joseph Addai
85.6%
11Edgerrin James
85.1%
10Pierre Garcon
78.5%
15Austin Collie
77.4%
15Brandon Stokley
61.5%
4Jacob Tamme
59%
4Dominic Rhodes
54.9%
7Anthony Gonzalez
49.7%
5Blair White
47.7%
34Marcus Pollard
35.9%
4Marshall Faulk
35.4%
2Ricky Williams
26.2%
7Ken Dilger
16.9%
2E.G. Green
14.9%
2Ben Utecht
13.8%
# of Touchdowns Player % Correct
1Gijon Robinson
13.3%
5Bryan Fletcher
11.3%
6Jerome Pathon
10.8%
1Dan Klecko
10.3%
3James Mungro
10.3%
7Terrence Wilkins
9.7%
3Qadry Ismail
8.2%
1Aaron Moorehead
7.2%
1Tom Santi
6.2%
1Kenton Keith
5.6%
1Jim Finn
4.6%
7Torrance Small
4.1%
4Troy Walters
3.1%
1Lamont Warren
2.6%
1Trevor Insley
2.1%
1Mike Roberg
1.5%
1Luke Lawton
1%

You're not logged in!

Compare scores with friends on all Sporcle quizzes.
OR
Log In

From the Vault

The Upside Down Quiz

by rockgolf

Just don't let all the blood rush to your head.
Remove Ads.
Support Sporcle.
Get the best of Sporcle when you Go Orange. This ad-free experience offers more features, more stats, and more fun while also helping to support Sporcle. Thank you for becoming a member.

Show Comments

Extras

Top Quizzes Today


Score Distribution

Your Account Isn't Verified!

In order to create a playlist on Sporcle, you need to verify the email address you used during registration. Go to your Sporcle Settings to finish the process.

Report this User

Report this user for behavior that violates our Community Guidelines.

Details: